La historia de la civilización contemporánea

Salvato in:
Dettagli Bibliografici
Autore principale: Seignobos, Ch (Autore)
Natura: Libro
Lingua:spagnolo
Pubblicazione: París, Francia Ch. Buret 1897
Soggetti:
Tags: Aggiungi Tag
Nessun Tag, puoi essere il primo ad aggiungerne!!

MARC

LEADER 00000nam a2200000 a 4500
001 UCO0304
003 CL-VaPUC
005 20220115074046.0
008 000420e18970000FR |||||||||||||||||spa|d
999 |c 287017  |d 287015 
040 |c Pontificia Universidad Católica de Valparaíso 
082 0 4 |a 940.28 SEI 1897  |2 21 
100 0 |a Seignobos, Ch  |e author  |9 441494 
245 1 3 |a La historia de la civilización contemporánea 
260 |a París, Francia  |b Ch. Buret  |c 1897 
300 |a 430 páginas 
583 |a last modification  |c 20160829 12:32:23  |k Rodrigo Vera 
600 0 7 |a NAPOLEON BONAPARTE  |2 CL-VaPUC  |9 315596 
650 0 |a Historia de Europa  |9 392003 
650 0 |a Historia contemporánea  |9 343224 
651 0 |a Francia  |9 255157 
651 0 |a Europa  |9 255156 
942 |c BK  |2 ddc 
945 |d 20000420 00:00:00  |a rherrera 
952 |0 0  |1 0  |2 ddc  |4 0  |6 940_280000000000000_SEI_1897  |7 0  |8 X  |9 333391  |a BIBHIS  |b BIBHIS  |d 2019-11-20  |i 1264427  |o 940.28 SEI 1897  |p 1264427  |r 2024-01-30  |t 1  |w 2019-11-20  |y BK_X  |k HIS